Countries That Have Nuclear Weapons - Map - Statistics

General Stats
  • This quiz has been taken 162 times
  • The average score is 9 of 9
Answers on the Map
Answers color-coded by a green-red scale on the quiz's map according to % correct below.
 
Answer Stats
Answer % Correct
China
99%
Russia
99%
United Kingdom
99%
France
97%
India
97%
North Korea
96%
USA
95%
Pakistan
88%
Israel
87%
No matching quizzes found
Score Distribution
Percent of People with Each Score
Percentile by Number Answered
Your Score History
You have not taken this quiz